Praxis penal & procesal penal (Registro nro. 22164)

Detalles MARC
000 -Cabecera
Campo de control interno 00765nam a22002537a 4500
005 - Fecha y hora del registro
control field 20260407104723.0
008 - Elementos de Longitud Fija
fixed length control field 260331b |||||||| |||| 00| 0 spa d
022 ## - ISSN
ISSN 31197663
041 ## - Idioma
Codigo Idioma ESP
082 ## - DEWEY y NOTACIÓN INTERNA
Dewey HR 344 MAR 2026
Notación Interna PPP
100 ## - AUTOR
Autor denominación ,
110 ## - AUTOR INSTTITUCIONAL
Autor Institucional Grupo Praxis
245 ## - TÍTULO DE MATERIAL BIBLIOGRÁFICO
Título Praxis penal & procesal penal
260 ## - CIUDAD, EDITORIAL, AÑO
Ciudad Lima :
Nombre de la Editorial Grupo Praxis,
Año 2026
300 ## - DESCRIPCIÓN
N° Páginas 256 páginas :
Otros detalles gráficos ;
Dimensiones 25 cm.
440 ## - MENCIÓN DE SERIE
Título de la Serie ;
650 ## - TEMAS
Temas Ciencias Sociales
653 ## - DESCRIPTORES
Lenguajes no controlado Derecho; Derecho penal; Praxis penal
654 ## - PROGRAMAS
Programa Dpto. de Derecho y Ciencia Política
700 ## - OTROS AUTORES
Otros autores ;
856 ## - URL - UBICACIÓN
URI/URL: Enlace exacto del recurso <a href="https://0u214vgdh-y-https-app-vlex-com.itmsp.museknowledge.com/search/jurisdiction:PE/Praxis+penal+%26+procesal+penal">https://0u214vgdh-y-https-app-vlex-com.itmsp.museknowledge.com/search/jurisdiction:PE/Praxis+penal+%26+procesal+penal</a>
Nota pública: Versión digital <a href="Véase además: Base de datos Vlex">Véase además: Base de datos Vlex</a>
942 ## - ELEMENTOS DE KOHA
Tipo de documento Revista
Nombre del creador Justo Noguera
Código de catalogador Mirtha Ponce
Suppress in OPAC No
Esquema de clasificación Dewey Decimal Classification
Existencias
Codigo completo Registro Colección Copia número Disponibilidad Tipo de préstamo Biblioteca Actual Procedencia (Biblioteca) Ubicacón Fecha Ingreso Tipo de Adquisición Date last seen Total checkouts Price effective from Tipo de Item Estado del Material Fuente de Clasificación Damaged status Withdrawn status
HR 344 MAR 2026 PPP 1088249 Universidad Católica San Pablo 1 No disponible Proceso Víctor Andrés Belaunde Víctor Andrés Belaunde Primer piso 31/03/2026 Suscripción 31/03/2026   31/03/2026 Revista Bueno Dewey Decimal Classification   Withdrawn